000 00492nam a22001457a 4500
082 _a620.005
100 _aRaza, Hassan
245 _aIndustrial Energy Management-Case Study of a Cement Plants (Bestway Cement Limited) /
_cHassan Raza
260 _aIslamabad :
_bCEME - NUST,
_c2014.
300 _a57 p. ;
_c30cm.
650 _aEngineering Management-MS-Thesis
_916065
700 _aDr. Akhtar Nawaz Malik
_916099
942 _2ddc
_cTHE
999 _c536509
_d536509